000 01222nam a2200229Ia 4500
003 Ost
005 20260507075516.0
008 260507s9999||||xx |||||||||||||| ||und||
020 _a9789953510699
040 _cfsecg
041 _aara
082 _a332
100 _aعبد الله، حسان محمود
_eمؤلف
245 0 _aمشاكل المعاملات المالية بين الشرع والعرف /
_c حسان محمود عبد الله
260 _aبيروت:
_bدار الهادي للطباعة والنشر,
_c2008
300 _a599 صفحة؛
_bإيضاحات ؛
_c25 سم
504 _aببليوغرافيا:ص ص.561-564
520 _aمشاكل المعاملات المالية،التجارة آدابها ومشاكلها،المكاسب المحرمة،البيع ومشاكله،الإجارة،العمل وحقوق العامل،الأجرة على الواجبات،الدلالة والسمسرة،الاستثمارات المالية،المعاملات الربوية،المزارعة،الرهن،الحجر،الحوالة،الشركة،المشتركات،التأمين
653 _aالمالية
653 _aالمعاملات-فقه اسلامي
942 _cكتاب
999 _c44754
_d44754